| 000 | 00532nam a2200193Ia 4500 | ||
|---|---|---|---|
| 003 | IN-BaIIA | ||
| 005 | 20250703111508.0 | ||
| 008 | 211028s9999 xx 000 0 eng d | ||
| 040 | _cIIA Library | ||
| 080 |
_a53+54:629.19 _bPHY |
||
| 245 | 0 |
_aPhysics and chemistry in space _bvol. 2 _cedited by Roedere, J. G |
|
| 260 |
_aBerlin _bSpringer-Verlag _c1970 |
||
| 300 | _a166p. | ||
| 650 |
_aAstronomy and Astrophysics _92815 |
||
| 650 | _aEarth | ||
| 650 |
_aGemini _96516 |
||
| 700 |
_aRoedere, J. G., ed. _96517 |
||
| 942 |
_cBK _2ddc |
||
| 999 |
_c3672 _d3672 |
||